Every city in Chubut, Argentina - Statistics

General Stats
  • This quiz has been taken 72 times
  • The average score is 18 of 68
Answer Stats
Population City % Correct
97.915 Trelew
94%
175.196 Comodoro Rivadavia
88%
81.315 Puerto Madryn
88%
205 Puerto Rawson
88%
32.343 Esquel
81%
24.616 Rawson
81%
4.730 Gaiman
56%
10.858 Sarmiento
56%
565 Puerto Pirámides
50%
6.353 Trevelin
50%
602 Gastre
44%
480 Las Plumas
44%
1.477 El Hoyo
38%
6.775 Playa Unión
38%
9.098 Rada Tilly
38%
2.791 Río Mayo
38%
1.570 Alto Río Senguer
31%
1.296 Camarones
31%
156 Dique Florentino Ameghino
31%
2.887 Dolavon
31%
3.129 Lago Puelo
31%
1.237 Tecka
31%
544 Telsen
31%
1.820 Corcovado
25%
18 Garayalde
25%
2.251 Gobernador Costa
25%
176 Aldea Beleiro
19%
359 Aldea Escolar
19%
1.628 Cholila
19%
44 Doctor Oscar Atilio Viglione
19%
1.038 Epuyén
19%
185 Facundo
19%
661 Gan Gan
19%
1.612 José de San Martín
19%
392 Lago Epuyén
19%
472 Paso del Sapo
19%
1.055 Río Pico
19%
237 28 de Julio
13%
126 Aldea Apeleg
13%
247 Aldea Epulef
13%
341 Astra
13%
25 Bahía Bustamante
13%
253 Buenos Aires Chico
13%
105 Buen Pasto
13%
317 Carrenleufú
13%
67 Cerro Cóndor
13%
262 Colan Conhué
13%
1.317 Diadema Argentina
13%
4.011 El Maitén
13%
1.183 Gualjaina
13%
194 Lago Blanco
13%
116 Leleque
13%
230 Los Altares
13%
1.264 Paso de Indios
13%
76 Playa Magagna
13%
28 Villa Futalaufquen
13%
740 Cushamen Centro
6%
219 Doctor Ricardo Rojas
6%
89 El Escorial
6%
67 Fofo Cahuel
6%
87 Lago Rosario
6%
129 Lagunita Salada
6%
626 Quinta el Mirador
6%
37 Yala Laubat
6%
82 Blancuntre
0%
57 El Mirasol
0%
179 Los Cipreses
0%
49 Punta Delgada
0%
No matching quizzes found
Score Distribution
Percent of People with Each Score
Percentile by Number Answered
Your Score History
You have not taken this quiz